Kannada bandaya sahitya (Record no. 122126)
[ view plain ]
| 000 -LEADER | |
|---|---|
| fixed length control field | 03766nam a2200253Ia 4500 |
| 003 - CONTROL NUMBER IDENTIFIER | |
| control field | OSt |
| 005 - DATE AND TIME OF LATEST TRANSACTION | |
| control field | 20251113100533.0 |
| 008 - FIXED-LENGTH DATA ELEMENTS--GENERAL INFORMATION | |
| fixed length control field | 210210b2012 xxu||||| |||| 00| 0 eng d |
| 020 ## - INTERNATIONAL STANDARD BOOK NUMBER | |
| International Standard Book Number | 8126033231 |
| 040 ## - CATALOGING SOURCE | |
| Transcribing agency | AL |
| 041 ## - LANGUAGE CODE | |
| Language code of text/sound track or separate title | Kannada |
| 082 ## - DEWEY DECIMAL CLASSIFICATION NUMBER | |
| Classification number | K894.8 SARK |
| 100 ## - MAIN ENTRY--PERSONAL NAME | |
| Personal name | SARAJU KATKAR Ed |
| Dates associated with a name | ಸರಜೂ ಕಾಟ್ಕರ್ |
| 9 (RLIN) | 245335 |
| 245 ## - TITLE STATEMENT | |
| Title | Kannada bandaya sahitya |
| Remainder of title | ಕನ್ನಡ ಬಂಡಾಯ ಸಾಹಿತ್ಯ |
| 260 ## - PUBLICATION, DISTRIBUTION, ETC. | |
| Place of publication, distribution, etc. | Navadehali |
| Name of publisher, distributor, etc. | Sahity Akademi |
| Date of publication, distribution, etc. | 2012 |
| 300 ## - PHYSICAL DESCRIPTION | |
| Extent | xxvi,374 |
| 520 ## - SUMMARY, ETC. | |
| Summary, etc. | 'ಕನ್ನಡ ಬಂಡಾಯ ಸಾಹಿತ್ಯ’ ಕೃತಿಯು ಸರಜೂ ಕಾಟ್ಕರ್ ಅವರ ಸಂಪಾದಿತ ಲೇಖನ ಸಂಕಲನವಾಗಿದೆ. ಬದುಕು ಹಸನಾಗಬೇಕು ಎಂಬ ಆಶಯದೊಂದಿಗೆ ಜನ್ಮ ತಾಳಿದ ಸಾಹಿತ್ಯವೇ ಬಂಡಾಯ ಸಾಹಿತ್ಯ. ವ್ಯವಸ್ಥೆಯ ವಿರುದ್ಧ ಸಿಡಿದೇಳುವ ಪ್ರವೃತ್ತಿ, ಜನಪರ ವ್ಯವಸ್ಥೆ ಕಟ್ಟಲು ಮುಂದಾಗುವ ಹಂಬಲ ಮನುಷ್ಯನನ್ನು ಸಹಜವಾಗಿಯೇ ಬಂಡಾಯ ಏಳುವಂತೆ ಮಾಡುತ್ತದೆ. ಹೋರಾಟ-ಬದುಕು-ಬರಹಗಳ ಅನ್ಯನತೆ ಹೊಂದಿರುವ ಬಂಡಾಯ ಸಾಹಿತ್ಯ ಕಾಲಕ್ರಮೇಣ ಸಾಂಸ್ಕೃತಿಕ ಚಳವಳಿಯಾಗಿ ರೂಪುಗೊಂಡ ಬಗೆಯನ್ನು ಇಲ್ಲಿ ವಿವರಿಸಲಾಗಿದೆ.<br/><br/>ಒಂದು ಕಾಲದಲ್ಲಿ ಬಂಡಾಯದವರೆಂದರೆ ಪರಂಪರೆಯ ವಿರೋಧಿಗಳೆಂದು ಬಿಂಬಿತರಾಗಿದ್ದರು. ಆದರೆ ಅವರು ನಿಜವಾಗಿ ಸ್ಥಗಿತ ಸಂಪ್ರದಾಯದ ವಿರೋಧಿಗಳು ಎಂಬುದು ಕೃತಿಯಲ್ಲಿ ಸ್ಪಷ್ಟವಾಗುತ್ತದೆ. ಜಾತಿ ವ್ಯವಸ್ಥೆ, ಧಾರ್ಮಿಕ ವ್ಯವಸ್ಥೆಗಳ ಮಧ್ಯೆ ಕಾಯಕಕ್ಕೆ ಕೊಟ್ಟ ಮಹತ್ವ ನುಡಿರೂಪದಲ್ಲಿ ವ್ಯಕ್ತವಾದುದೇ ಬಂಡಾಯ ಸಾಹಿತ್ಯ ಎಂದು ಕಾಟ್ಕರ್ ಇಲ್ಲಿ ತಿಳಿಸಿದ್ದಾರೆ. ಶೋಷಿತರನ್ನು ಕ್ರಿಯಾಶೀಲರನ್ನಾಗಿಸುವಲ್ಲಿ ಈ ಸಾಹಿತ್ಯ ಹೇಗೆ ಪ್ರೇರಣೆಯಾಯಿತು, ಕನ್ನಡ ಬಂಡಾಯ ಸಾಹಿತ್ಯ ಸಾಮಾಜಿಕ ವ್ಯವಸ್ಥೆಯನ್ನು ಬೆತ್ತಲೆಗೊಳಿಸಿದ ಅಸಾಧಾರಣ ಸಾಧನ ಎಂಬುದಕ್ಕೆ ಇಲ್ಲಿ ಸಾಕಷ್ಟು ನಿದರ್ಶನಗಳನ್ನು ಅವರು ಕೊಟ್ಟಿದ್ದಾರೆ. ಎಡಪಂಥೀಯ ಸಿದ್ಧಾಂತಗಳು ಬಂಡಾಯ ಸಾಹಿತ್ಯದ ಮೇಲೆ ಹೇಗೆ ಪ್ರಭಾವ ಬೀರಿದವು. ಮಾರ್ಕ್ಸ್ವಾದ,ಲೋಹಿಯಾ ವಾದ, ಅಂಬೇಡ್ಕರ್ ವಾದ ಹೇಗೆ ಬಂಡಾಯ ದಲಿತ ಸಾಹಿತ್ಯಕ್ಕೆ ಪುಷ್ಟಿ /ಬರಹಗಾರರಿಗೆ ಪ್ರೇರಣೆ ನೀಡಿದವು ಎಂಬುದನ್ನು ಇಲ್ಲಿ ಸಮರ್ಪಕವಾಗಿ ಕಲೆಹಾಕಲಾಗಿದೆ. ಇನ್ನು ಪತ್ರಿಕೆಗಳು ಈ ಸಾಹಿತ್ಯವನ್ನು ಬೆಳೆಸಿದರ ಬಗ್ಗೆಯೂ ಇಲ್ಲಿ ವಿವರವಿದೆ. |
| 650 ## - SUBJECT ADDED ENTRY--TOPICAL TERM | |
| Topical term or geographic name entry element | sahitya |
| 9 (RLIN) | 245336 |
| 650 ## - SUBJECT ADDED ENTRY--TOPICAL TERM | |
| Topical term or geographic name entry element | Kannada |
| 9 (RLIN) | 245337 |
| 650 ## - SUBJECT ADDED ENTRY--TOPICAL TERM | |
| Topical term or geographic name entry element | bandaya |
| 9 (RLIN) | 245338 |
| 690 ## - LOCAL SUBJECT ADDED ENTRY--TOPICAL TERM (OCLC, RLIN) | |
| Topical term or geographic name as entry element | Kannada Collections |
| 9 (RLIN) | 245339 |
| 906 ## - LOCAL DATA ELEMENT F, LDF (RLIN) | |
| a | 072037 |
| 942 ## - ADDED ENTRY ELEMENTS (KOHA) | |
| Source of classification or shelving scheme | Dewey Decimal Classification |
| Koha item type | Book |
| Withdrawn status | Lost status | Damaged status | Not for loan | Collection code | Home library | Current library | Shelving location | Date acquired | Source of acquisition | Cost, normal purchase price | Total Checkouts | Full call number | Barcode | Date last seen | Price effective from | Koha item type |
|---|---|---|---|---|---|---|---|---|---|---|---|---|---|---|---|---|
| St Aloysius Library | St Aloysius Library | 02/17/2021 | Sahitya Akademi, Bangalore | 225.00 | K894.8 SARK | 072037 | 02/17/2021 | 02/17/2021 | Book |